Normal view
MARC view
Entry Nombre de reunión
001 - NÚMERO DE CONTROL
- campo de control: 80208
003 - IDENTIFICADOR DEL NÚMERO DE CONTROL
- campo de control: DO-SdBNP
005 - FECHA Y HORA DE LA ÚLTIMA TRANSACCIÓN
- campo de control: 20211014101914.0
008 - DATOS DE LONGITUD FIJA
- campo de control de longitud fija: 211014|| aca||aabn | a|a d
040 ## - FUENTE DE LA CATALOGACIÓN
- Centro catalogador/agencia de origen: DO-SdBNP
- Centro/agencia transcriptor: DO-SdBNP
111 ## - ENCABEZAMIENTO--NOMBRE DE CONGRESO/REUNIÓN
- Nombre de congreso/reunión o jurisdicción como elemento de entrada: Conferencia de las Naciones Unidas sobre Vivienda y Desarrollo Urbano Sostenible
- Fecha del congreso/reunión: (3er: 2016:
- Sede del congreso/Lugar de la reunión: Quito, Ecuador)
670 ## - FUENTE DE DATOS ENCONTRADOS
- Cita de la fuente: Work cat.: (DO-SdBNP): Conferencia de las Naciones Unidas sobre Vivienda y Desarrollo Urbano Sostenible (3er: 2016: Quito, Ecuador), Nueva agenda urbana: , 2017
